|
|
|
|
| LEADER |
00915nam a22002532a 4500 |
| 001 |
000931701 |
| 003 |
CZ BrMZK |
| 005 |
20090227090932.0 |
| 007 |
ta |
| 008 |
090227s1982 xo er|||||||||||slo d |
| 040 |
|
|
|a BOA001
|b cze
|
| 100 |
1 |
|
|a Krbiľová, Izabela
|7 ola2009507841
|4 aut
|
| 245 |
1 |
0 |
|a Oznamovacie a zabezpečovacie zariadenia I /
|c Izabela Krbiľová
|
| 250 |
|
|
|a 1. vyd.
|
| 260 |
|
|
|a Bratislava :
|b Alfa,
|c 1982
|
| 300 |
|
|
|a 142 s. ;
|c 4°
|
| 550 |
|
|
|a Vydavatel: Vysoká škola dopravy a spojov Žilina
|
| 710 |
2 |
|
|a Vysoká škola dopravy a spojov v Žiline
|7 kn20010710073
|
| 910 |
|
|
|a BOA001
|b 4-0850.768
|
| 964 |
|
|
|a Železniční zabezpečovací technika - učebnice - vysoké školy
|
| 964 |
|
|
|a Železniční sdělovací technika - učebnice - vysoké školy
|
| 990 |
|
|
|a BK
|
| 991 |
|
|
|b 200902
|
| 996 |
6 |
|
|b BC-679720
|c 4-0850.768
|l MZK
|r Sklad / do 1 hodiny
|n 0
|w 000931701
|u 000010
|a 1
|e BOA001
|j MZK50
|s P
|